Wahrscheinlichkeitsmethoden zur Berechnung von Konstruktionen

Saved in:
Bibliographic Details
Main Author: Bolotin, Vladimir Vasil'jevič
Format: Book
Language:German
Published: Berlin Verlag für Bauwesen 1981
Tags: Add Tag
No Tags, Be the first to tag this record!

MARC

LEADER 00000nam a2200000 4500
001 c131657
005 20190507065107.5
041 0 |a ger 
044 |a DE 
245 1 0 |a Wahrscheinlichkeitsmethoden zur Berechnung von Konstruktionen  |c Vladimir Vasil'jevič Bolotin 
264 1 |a Berlin  |b Verlag für Bauwesen  |c 1981 
300 |a 567 s. 
100 1 |a Bolotin, Vladimir Vasil'jevič